LEADER 01083nas a2200229 i 4500 001 000000170906 003 CaOOAMICUS 005 20080421000000.0 008 080411b2007 it uu u0 0ita r 013 $a148322 040 $aSeMil$bita 245 10$aVarese Mondiale =$bVarese, a World Champion town. 260 $a[Varese] :$bCamera di Commercio Industria, Artigianato e Agricoltura di Varese,$ccopyr. 2007. 300 $a87 p. :$briccamente ill. ;$c29 cm. 500 $aNumerazione errata del fascicolo. - Traduzione in inglese dei singoli articoli. - Titolo dalla copertina. 773 0 $tLombardia Nord-Ovest.$dVarese : [s.n.], [1958?]$w()3252 774 0 $t[vedi periodico].$w()268501 850 $aSeMil 852 $aSeMil$W1$xVenegono$y1$m199 5 53$j121787$B121787$CSeMilBibl$Z2$F133304 $85 961 $aOmaggio: Camera di Commercio 996 $6245$aVarese Mondiale =$bVarese, a World Champion town$9(OLS)http://semarc/title/244453 996 $6260$a[Varese] :$bCamera di Commercio Industria, Artigianato e Agricoltura di Varese$9(OLS)http://semarc/publisher/35108 LEADER 00498nam a2200157 i 4500 001 000000103466 003 CaOOAMICUS 005 20011002000000.0 008 011002n it u000 u ita u 013 $a75637 040 $aSeMil$bita 245 10$aL-Z. 773 0 $tDizionario di antichità classiche di Oxford.$dAlba : Paoline, 1981.$w()6698 850 $aSeMil 852 $aSeMil$W1$xVenegono$y1$mSL1.C III 18$j59927$B59927$CSeMilBibl$Z2$F44407 $8I 996 $6245$aL-Z$9(OLS)http://semarc/title/129773